| 000 | 00433nam a22001817a 4500 | ||
|---|---|---|---|
| 003 | CEME | ||
| 005 | 20210628202402.0 | ||
| 008 | 210121b xxu||||| |||| 00| 0 eng d | ||
| 020 | _a81-239-0881-4 | ||
| 040 | _c. | ||
| 082 | _a620.106 CHO | ||
| 100 |
_aChorlton, Frank _959680 |
||
| 245 | _aTextbook of fluid dynamics | ||
| 260 |
_aDELHI _bCBS _c2004 |
||
| 300 | _aVII,399P | ||
| 650 |
_aFLUID DYNAMICS _91384 |
||
| 942 |
_cBK _2ddc |
||
| 999 |
_c569599 _d569599 |
||